LEADER 01403nam a2200349 u 4500 001 000000046817 003 CaOOAMICUS 005 20070226114821.0 008 990720c1990 it u000 u ita u 020 $a8816301864 035 $a10830320 040 $aPUL(R)$bita 041 1 $aita$heng 100 1 $aLewis, C. S.$q(Clive Staples),$d1898-1963.$0(OLS)http://pul/name/34073 240 10$aFour loves.$lItaliano.$0(OLS)http://pul/title/63037 245 12$aI quattro amori :$baffetto, amicizia, eros, carità /$cC.S. Lewis ; introduzione di Claudio Gorlier. 250 $a2. ed. 260 $aMilano :$bJaca Book,$c1990. 300 $a127 p. ;$c22 cm 490 1 $aGià e non ancora ;$v186. 504 $aContiene bibliografia. 650 4$aAmore.$0(OLS)http://pul/subject/6902 650 4$aCarità.$0(OLS)http://pul/subject/670 700 1 $aGorlier, Claudio.$0(OLS)http://pul/name/34074 830 0$aGià e non ancora ;$v186.$0(OLS)http://pul/title/129 850 $aPUL 852 $aPUL$W1$xSL Religione 1$y3$m39 D 120$j62660$nBK-PRI$b $qStampati$B62660$CPULBib$Z2$F62660 $H $81 941 1 $a8 961 $aINV: 65199 996 $6020$a8816301864$9(OLS)http://pul/number/58382 996 $6245$aI quattro amori :$baffetto, amicizia, eros, carità$9(OLS)http://pul/title/63038 996 $6260$aMilano :$bJaca Book$9(OLS)http://pul/publisher/47900 LEADER 01299nam a2200313 a 4500 001 000000154632 003 CaOOAMICUS 005 20161004154652.0 008 161004s1968 it a u000 u ita r 032 $aLibriCat 040 $aPUL$bita 041 1 $aita$heng 100 1 $aWilson, Charles.$0(OLS)http://pul/name/98451 240 14$aThe dutch republic and the civilisation of the seventeenth century. Italiano$lItaliano.$0(OLS)http://pul/title/194245 245 13$aLa Repubblica olandese /$cCharles Wilson ; traduzione di Ludovico Luppis. 260 $aMilano :$bIl Saggiatore,$c1968. 300 $a255 p. :$bill. ;$c19 cm. 490 1 $aL'universo del conoscere ;$v34 500 $aSul front.: 74 illustrazioni. 504 $aNote bibliografiche. 651 4$aOlanda$xStoria.$0(OLS)http://pul/subject/22698 700 1 $aLuppis, Ludovico.$0(OLS)http://pul/name/98452 830 2$aL'universo del conoscere ;$v34.$0(OLS)http://pul/title/14220 850 $aPUL 852 $aPUL$W1$xDP1 Fondo G. Barberini$y122$m9 A 9$j41538$qFondi$B180683$CPULBib$Z2$F180683 $HBar2114 $81 941 1 $a1 996 $6245$aLa Repubblica olandese$9(OLS)http://pul/title/194246 996 $6260$aMilano :$bIl Saggiatore$9(OLS)http://pul/publisher/49408